<?xml version="1.0" encoding="UTF-8"?><?xml-stylesheet type="text/xsl" href="static/style.xsl"?><OAI-PMH xmlns="http://www.openarchives.org/OAI/2.0/" xmlns:xsi="http://www.w3.org/2001/XMLSchema-instance" xsi:schemaLocation="http://www.openarchives.org/OAI/2.0/ http://www.openarchives.org/OAI/2.0/OAI-PMH.xsd"><responseDate>2026-04-17T17:05:35Z</responseDate><request verb="GetRecord" identifier="oai:www.recercat.cat:10256/28410" metadataPrefix="marc">https://recercat.cat/oai/request</request><GetRecord><record><header><identifier>oai:recercat.cat:10256/28410</identifier><datestamp>2026-03-12T15:59:06Z</datestamp><setSpec>com_2072_452955</setSpec><setSpec>com_2072_2054</setSpec><setSpec>col_2072_452959</setSpec></header><metadata><record xmlns="http://www.loc.gov/MARC21/slim" xmlns:dcterms="http://purl.org/dc/terms/" xmlns:xsi="http://www.w3.org/2001/XMLSchema-instance" xmlns:doc="http://www.lyncode.com/xoai" xsi:schemaLocation="http://www.loc.gov/MARC21/slim http://www.loc.gov/standards/marcxml/schema/MARC21slim.xsd">
   <leader>00925njm 22002777a 4500</leader>
   <datafield ind2=" " ind1=" " tag="042">
      <subfield code="a">dc</subfield>
   </datafield>
   <datafield ind2=" " ind1=" " tag="720">
      <subfield code="a">Rodríguez Hidalgo, Claudia Marina</subfield>
      <subfield code="e">author</subfield>
   </datafield>
   <datafield ind2=" " ind1=" " tag="720">
      <subfield code="a">Llorens i Guasch, Laura</subfield>
      <subfield code="e">author</subfield>
   </datafield>
   <datafield ind2=" " ind1=" " tag="720">
      <subfield code="a">Doménech Pascual, Anna</subfield>
      <subfield code="e">author</subfield>
   </datafield>
   <datafield ind2=" " ind1=" " tag="720">
      <subfield code="a">Romaní i Cornet, Anna M.</subfield>
      <subfield code="e">author</subfield>
   </datafield>
   <datafield ind2=" " ind1=" " tag="720">
      <subfield code="a">González Gutiérrez, Josep Abel</subfield>
      <subfield code="e">author</subfield>
   </datafield>
   <datafield ind2=" " ind1=" " tag="720">
      <subfield code="a">Verdaguer Murlà, Dolors</subfield>
      <subfield code="e">author</subfield>
   </datafield>
   <datafield ind2=" " ind1=" " tag="260">
      <subfield code="c">2026-01</subfield>
   </datafield>
   <datafield ind2=" " ind1=" " tag="520">
      <subfield code="a">Climatic models for the Mediterranean Basin predict higher ultraviolet (UV) radiation and drier conditions by century’s end, potentially altering litter traits, early-stage decomposition, and nutrient cycling. This study investigates how UV radiation (UV-B and UV-A) and reduced rainfall influence leaf litter characteristics and its decomposition in two evergreen sclerophyllous Mediterranean species, Arbutus unedo and Phillyrea angustifolia, growing in a natural shrubland. A field litterbag decomposition experiment was conducted using litter from plants growing in eighteen 9 m2 plots arranged in three blocks. For six years, plots experienced one of three UV radiation conditions: ambient UV, without ambient UV-B, and without ambient UV, combined with two rainfall levels (natural or reduced). Treatments altered the initial leaf litter chemistry. In A. unedo, UV-B exposure decreased the leaf carbon/nitrogen (C/N) ratio (due to higher N) under natural rainfall, while in P. angustifolia, mainly UV-A radiation increased this ratio. Over the studied decomposition period (374 days), leaf litter mass loss in both species was limited, but P. angustifolia litter lost more mass (11 %) than A. unedo litter (3 %), likely due to a lower C/N ratio and a higher microbial activity. UV-A and UV-B radiation affected early litter decomposition in both species by altering recalcitrant compounds and/or microbial biomass, though effects on A. unedo depended on the rainfall amount. Overall, UV radiation appeared to inhibit rather than stimulate decomposition, thus not supporting a predominant role of UV radiation-induced photodegradation. Hence, future climate change may exacerbate present UV and drought effects on litter decomposition, slowing down decomposition rates and enhancing C accumulation in Mediterranean ecosystems</subfield>
   </datafield>
   <datafield ind2=" " ind1=" " tag="520">
      <subfield code="a">Cl-R-H was the recipient of a PhD grant from the Senescyt-UdG co-financed grant program (Contract Nº AR2Q-000421–2016). This work was funded by the Spanish Government “Ministerio de Ciencia Innovación y Universidades – MCIN” (Ref. CGL2014–55976-R, Ref. PID2021–123735OB16C2/MCIN/AEI/10.13039/501100011033/FEDER, UE; and Ref. PCI2020–120702–2/AEI/ 10.13039 /17 501.100.011.033) and the University of Girona (Ref. ASING2011/3 and Ref. MPCUdG2016). SOLIPLANT have been recognised as consolidated research group by the Generalitat de Catalunya (2017SGR0055 and 2021SGR0047). AMR acknowledges the funding from the AGAUR-ICREA Academia award (Catalan Institution for Research and Advanced Studies, ref. 2024 ICREA 00144).&#xd;
Open Access funding provided thanks to the CRUE-CSIC agreement with Elsevier</subfield>
   </datafield>
   <datafield ind2=" " ind1=" " tag="520">
      <subfield code="a">13</subfield>
   </datafield>
   <datafield ind1="8" ind2=" " tag="024">
      <subfield code="a">https://hdl.handle.net/10256/28410</subfield>
   </datafield>
   <datafield tag="653" ind2=" " ind1=" ">
      <subfield code="a">Plantes -- Efecte de la radiació</subfield>
   </datafield>
   <datafield tag="653" ind2=" " ind1=" ">
      <subfield code="a">Plants -- Effect of radiation on</subfield>
   </datafield>
   <datafield tag="653" ind2=" " ind1=" ">
      <subfield code="a">Radiació ultraviolada</subfield>
   </datafield>
   <datafield tag="653" ind2=" " ind1=" ">
      <subfield code="a">Ultraviolet radiation</subfield>
   </datafield>
   <datafield tag="653" ind2=" " ind1=" ">
      <subfield code="a">Fullaraca -- Biodegradació</subfield>
   </datafield>
   <datafield tag="653" ind2=" " ind1=" ">
      <subfield code="a">Fullaraca -- Efecte de la sequera</subfield>
   </datafield>
   <datafield tag="653" ind2=" " ind1=" ">
      <subfield code="a">Plant litter -- Effect of drought on</subfield>
   </datafield>
   <datafield tag="653" ind2=" " ind1=" ">
      <subfield code="a">Canvis climàtics</subfield>
   </datafield>
   <datafield tag="653" ind2=" " ind1=" ">
      <subfield code="a">Climatic changes</subfield>
   </datafield>
   <datafield ind2="0" ind1="0" tag="245">
      <subfield code="a">UV radiation and reduced rainfall: Legacy effects on litter and first-year decomposition in two Mediterranean evergreen shrubs</subfield>
   </datafield>
</record></metadata></record></GetRecord></OAI-PMH>